Central Library OPAC University of Rajshahi

Sustainable aquaculture : (Record no. 67499)

MARC details
000 -LEADER
fixed length control field 00786nam a2200253 a 4500
001 - CONTROL NUMBER
control field 67499
003 - CONTROL NUMBER IDENTIFIER
rucl marc code BD-RjUL
005 - DATE AND TIME OF LATEST TRANSACTION
control field 20211209081649.0
008 - FIXED-LENGTH DATA ELEMENTS--GENERAL INFORMATION
fixed length control field 170325r20052003nyuad||| |||| 001 0 eng d
020 ## - INTERNATIONAL STANDARD BOOK NUMBER
International Standard Book Number 8126904909
035 ## - SYSTEM CONTROL NUMBER
System control number (BD-RjUL)67630
040 ## - CATALOGING SOURCE
Original cataloging agency BD-RjUL
Language of cataloging eng
Transcribing agency BD-RjUL
041 ## - LANGUAGE CODE
Language code of text/sound track or separate title eng
082 ## - DEWEY DECIMAL CLASSIFICATION NUMBER
Edition number 23
Classification number 639.80954
Author mark and year SUS 2005
245 00 - TITLE STATEMENT
Title Sustainable aquaculture :
Remainder of title global perspectives /
Statement of responsibility, etc. editors Bana Bihari Jana; Carl D Webster
260 ## - PUBLICATION, DISTRIBUTION, ETC. (IMPRINT)
Place of publication, distribution, etc. New York :
Name of publisher, distributor, etc. Food Products Press,
Date of publication, distribution, etc. 2003 [reprint 2005]
300 ## - PHYSICAL DESCRIPTION
Pagination ix, 365 p. :
Illustrations ill.;
Size 22 cm.
504 ## - BIBLIOGRAPHY, ETC. NOTE
Bibliography, etc Includes index & bibliography.
650 ## - SUBJECT ADDED ENTRY--TOPICAL TERM
Topical term or geographic name as entry element Sustainable aquaculture
9 (RLIN) 87742
651 ## - SUBJECT ADDED ENTRY--GEOGRAPHIC NAME
Geographic name India
9 (RLIN) 200007
700 ## - ADDED ENTRY--PERSONAL NAME
Personal name Jana, Bana Bihari
Personal name Webster, Carl D
942 ## - ADDED ENTRY ELEMENTS (KOHA)
Source of classification or shelving scheme Dewey Decimal Classification
Koha item type Books
Holdings
Lost status Source of classification or shelving scheme Damaged status Not for loan Collection code Permanent Location Current Location Shelving location Date acquired Source of acquisition Cost, normal purchase price Total Checkouts Full call number Date last seen Copy number Koha item type
  Dewey Decimal Classification   Not For Loan Non-fiction Central Library, University of Rajshahi Central Library, University of Rajshahi Reading Room 17/08/2010 Dhaka, Paragon enterprise ltd. 450.00   639.80954 SUS 2005 25/03/2017 C-1 Books